| 000 | 00365nam a2200145Ia 4500 | ||
|---|---|---|---|
| 008 | 211202s9999||||xx |||||||||||||| ||und|| | ||
| 020 | _a9.7893863486e+012 | ||
| 082 |
_a302 _bShr/B |
||
| 100 | _aShrivastava Amitabh | ||
| 245 | 0 | _aBharat Main Jansanchar | |
| 250 | _a3rd Edition | ||
| 260 |
_aMumbai _bJaico Publishing House _c2019 |
||
| 300 | _a518p | ||
| 942 | _cBK | ||
| 999 |
_c33611 _d33611 |
||